000 00282nam a22001337a 4500
003 SGT
082 _a617.75
_bC10P
100 _aPATEL, SUDI
245 _aCATARACT AND REFRACTIVE SURGERY
260 _aINDIA
_bJAYPEE
_c2010
300 _a159
650 _aSURGERY
942 _2ddc
_cBK
999 _c10523
_d10523